LIBRARY & INFORMATION CENTRE, KCAET, TAVANUR

ONLINE PUBLIC ACCESS CATALOGUE (OPAC)

Sasyasamrakshana Tatvangal / (Record no. 4664)

MARC details
000 -LEADER
fixed length control field 00708cam a2200289ua 4500
041 ## - LANGUAGE CODE
Language code of text/sound track or separate title mal
082 ## - DEWEY DECIMAL CLASSIFICATION NUMBER
Classification number 632
Item number SHA/SA
100 ## - MAIN ENTRY--AUTHOR NAME
Personal name Shanmugham, S N .
245 ## - TITLE STATEMENT
Title Sasyasamrakshana Tatvangal /
260 ## - PUBLICATION, DISTRIBUTION, ETC. (IMPRINT)
Place of publication Thiruvananthapuram :
Name of publisher State Instititute of Languages ,
Year of publication 1974.
300 ## - PHYSICAL DESCRIPTION
Number of Pages 700 ; .
942 ## - ADDED ENTRY ELEMENTS (KOHA)
Koha item type Books
Holdings
Withdrawn status Lost status Damaged status Home library Current library Date acquired Full call number Accession Number Koha item type
      KAUAET KAUAET 07/04/2012 632.95 SHA/SA 13778 Books
      KAUAET KAUAET 07/04/2012 632.95 SHA/SA 13886 Books
      KAUAET KAUAET 07/04/2012 632.95 SHA/SA 13885 Books
      KAUAET KAUAET 07/04/2012 632.95 SHA/SA 13880 Books
      KAUAET KAUAET 07/04/2012 632.95 SHA/SA 13475 Books
      KAUAET KAUAET 07/04/2012 632.95 SHA/SA 13888 Books
      KAUAET KAUAET 07/04/2012 632.95 SHA/SA 13777 Books
      KAUAET KAUAET 07/04/2012 632.95 SHA/SA 13883 Books
      KAUAET KAUAET 07/04/2012 632.95 SHA/SA 13884 Books
      KAUAET KAUAET 07/04/2012 632.95 SHA/SA 13881 Books
      KAUAET KAUAET 07/04/2012 632.95 SHA/SA 13882 Books
      KAUAET KAUAET 26/10/2023 632 SHA/SA 13879 Books
Withdrawn     KAUAET KAUAET 16/11/2023 632 SHA/SA 13779 Books
free website counter